A new way to eat (Record no. 961)

MARC details
000 -LEADER
fixed length control field 00833 a2200205 4500
008 - FIXED-LENGTH DATA ELEMENTS--GENERAL INFORMATION
fixed length control field 080821t xxu||||| |||| 00| 0 eng d
010 ## - LCCN (DPL NO)
LC control number ENG-85052
020 ## - INTERNATIONAL STANDARD BOOK NUMBER
International Standard Book Number 812503014X
Terms of availability 195.00
035 ## - SYSTEM CONTROL NUMBER
System control number EN-68585
037 ## - SOURCE OF ACQUISITION
Source of stock number/acquisition D.B.Act / Pub
082 ## - DEWEY DECIMAL CLASSIFICATION NUMBER
Classification number 613.7
100 ## - MAIN ENTRY--PERSONAL NAME
Personal name Park, Tusna
245 ## - TITLE STATEMENT
Title A new way to eat
Statement of responsibility, etc by Tusna Park and Komal M. K.
Remainder of title preventing and treating obesity, diabetes and cardiovascular
260 ## - PUBLICATION, DISTRIBUTION, ETC. (IMPRINT)
Place of publication, distribution, etc New Delhi
Name of publisher, distributor, etc Orient Longman,
Date of publication, distribution, etc 2006.
270 ## - ADDRESS
Address 160, Anna Salai,
City Chennai
State or province Tamil Nadu
Postal code 600002
Electronic mail address ollmad@md4.vsnl.net.in
300 ## - PHYSICAL DESCRIPTION
Extent xx, 214 p.
Dimensions 21 cm. (Pbk)
700 ## - ADDED ENTRY--PERSONAL NAME
Personal name Komal, M. K.
942 ## - ADDED ENTRY ELEMENTS (KOHA)
Institution code [OBSOLETE] dpl
Item type English Books
Call number prefix 613.7 / PAR
Source of classification or shelving scheme Dewey Decimal Classification
Classification part 613.7
Call number suffix PAR
Holdings
Withdrawn status Lost status Damaged status Not for loan Home library Current library Date acquired Cost, normal purchase price Total Checkouts Full call number Barcode Date last seen Copy number Cost, replacement price Koha item type
        D.B.Act.Division D.B.Act.Division 21/08/2008 195.00   613.7 PAR EN-68585 15/09/2008 1 195.00 English Books

© Delhi Public Library
Hit Counter
free hit counter